Online Catalogue and eLibrary

Sacrificial logics : (Record no. 40)

MARC details
000 -LEADER
fixed length control field 00763cam a2200253 a 4500
001 - CONTROL NUMBER
control field 4450512
005 - DATE AND TIME OF LATEST TRANSACTION
control field 20231120033719.0
008 - FIXED-LENGTH DATA ELEMENTS--GENERAL INFORMATION
fixed length control field 950222s1996 nyu b 001 0 eng
020 ## - INTERNATIONAL STANDARD BOOK NUMBER
ISBN 0415908620 (cloth : acidfree paper)
020 ## - INTERNATIONAL STANDARD BOOK NUMBER
ISBN 0415908639 (pbk. : acidfree paper)
040 ## - CATALOGING SOURCE (பட்டியலாக்க மூலம்)
Original cataloging agency DLC
Transcribing agency DLC
Modifying agency DLC
082 00 - DDC Classification
Class No. 305.42/01
DDC Edition Number 20
Item Number - Author Mark ALL
100 1# - MAIN ENTRY--PERSONAL NAME
Personal name Weir, Allison.
245 10 - TITLE STATEMENT
Title Sacrificial logics :
Remainder of title feminist theory and the critique of identity /
Statement of responsibility, etc. Allison Weir.
260 ## - PUBLICATION, DISTRIBUTION, ETC.
Place of publication, distribution, etc. New York :
Name of publisher, distributor, etc. Routledge,
Date of publication, distribution, etc. 1996.
300 ## - PHYSICAL DESCRIPTION
Extent (e.g. Volumes, Pages etc.) xi, 216 p. ;
650 #0 - SUBJECT ADDED ENTRY--TOPICAL TERM
Topical term or geographic name entry element Feminist theory.
650 #0 - SUBJECT ADDED ENTRY--TOPICAL TERM
Topical term or geographic name entry element Women
650 #0 - SUBJECT ADDED ENTRY--TOPICAL TERM
Topical term or geographic name entry element Women
650 #0 - SUBJECT ADDED ENTRY--TOPICAL TERM
Topical term or geographic name entry element Gender identity.
650 #0 - SUBJECT ADDED ENTRY--TOPICAL TERM
Topical term or geographic name entry element Group identity.
856 42 - ELECTRONIC LOCATION AND ACCESS
Uniform Resource Identifier <a href="http://www.loc.gov/catdir/enhancements/fy0651/95008033-d.html">http://www.loc.gov/catdir/enhancements/fy0651/95008033-d.html</a>
942 ## - Koha item type (Biblio)
Koha item type Books in Stacks (Lending)
Holdings
Lost status Damaged status Collection code Home library Current library Date acquired Full call number Accession Number Item type
    Lending WERC Library WERC Library 11/20/2023 305.42/01 ALL 5168 Books in Stacks (Lending)

© WERC Library